[Event "CAN-ch w"]
[Site "Toronto CAN"]
[Date "2023.04.06"]
[Round "1.8"]
[White "Deepak, Laksshana"]
[Black "Li, Yeeshuen"]
[Result "1-0"]
[WhiteElo "1792"]
[BlackElo "1078"]
[PlyCount "93"]
[EventDate "2023.04.06"]
[EventType "swiss"]
[EventRounds "9"]
[EventCountry "CAN"]

1. e4 e5 2. Nf3 Nc6 3. Nc3 Nf6 4. d4 d6 5. dxe5 dxe5 6. Qxd8+ Kxd8 7. Bg5 Be7
8. O-O-O+ Nd7 9. Bxe7+ Kxe7 10. Nd5+ Kd8 11. Ng5 Rf8 12. Nxh7 Rh8 13. Ng5 Rf8
14. g3 f6 15. Ne6+ Ke8 16. Ndxc7+ Ke7 17. Nxf8 Nxf8 18. Nxa8 Bg4 19. Rd2 Bf3
20. Rg1 Ne6 21. Bg2 Ncd4 22. Bxf3 Nxf3 23. Rgd1 Nxd2 24. Rxd2 g6 25. h4 b6 26.
g4 Nd4 27. Rd3 Ne2+ 28. Kd2 Nf4 29. Ra3 Ke6 30. Nc7+ Kd6 31. Nd5 Nxd5 32. exd5
a5 33. c4 Kc5 34. Rf3 Kd6 35. Rxf6+ Ke7 36. Rxb6 Kd7 37. c5 Kc7 38. Rxg6 Kd7
39. h5 Ke7 40. h6 Kf7 41. Ra6 Kg8 42. g5 Kh7 43. Ke3 Kg8 44. g6 Kf8 45. Ra7 e4
46. h7 a4 47. h8=R# 1-0

[Event "CAN-ch w"]
[Site "Toronto CAN"]
[Date "2023.04.06"]
[Round "1.9"]
[White "Lillico, Margarita"]
[Black "Qian, Ashley"]
[Result "0-1"]
[WhiteElo "1026"]
[BlackElo "1764"]
[PlyCount "88"]
[EventDate "2023.04.06"]
[EventType "swiss"]
[EventRounds "9"]
[EventCountry "CAN"]

1. e4 c5 2. f4 d6 3. Nf3 Nc6 4. Be2 Nf6 5. d3 e6 6. O-O Be7 7. Kh1 O-O 8. c3
Re8 9. Qe1 Bf8 10. Nbd2 e5 11. f5 d5 12. Bd1 b5 13. a4 b4 14. c4 dxc4 15. Nxc4
Qxd3 16. b3 Ba6 17. Rf2 Bxc4 18. bxc4 Nxe4 19. Re2 Nc3 20. Rd2 Qxc4 21. Bc2
Rad8 22. Rxd8 Rxd8 23. Bb2 Ne2 24. Bd1 Nf4 25. Rc1 Qd5 26. Bc2 Nd4 27. Bxd4
exd4 28. Be4 Qd6 29. Qd2 Re8 30. Re1 Nd5 31. f6 Nxf6 32. Ng5 Nxe4 33. Nxe4 Qe5
34. Qd3 Kh8 35. Qb1 f5 36. h3 fxe4 37. Rg1 e3 38. Qd3 e2 39. Re1 Bd6 40. g3 c4
41. Qf3 d3 42. a5 d2 43. Rxe2 d1=Q+ 44. Kg2 Qexe2+ 0-1

[Event "CAN-ch w"]
[Site "Toronto CAN"]
[Date "2023.04.06"]
[Round "1.10"]
[White "Xie, Irene"]
[Black "Sreekumar, Gayathri"]
[Result "1-0"]
[WhiteElo "1676"]
[BlackElo "974"]
[PlyCount "123"]
[EventDate "2023.04.06"]
[EventType "swiss"]
[EventRounds "9"]
[EventCountry "CAN"]

1. e4 c5 2. Nf3 d6 3. Bb5+ Bd7 4. Bxd7+ Qxd7 5. Nc3 Nf6 6. d3 Nc6 7. b3 e6 8.
Bb2 Be7 9. O-O O-O 10. Nd2 Rad8 11. f4 Nd4 12. h3 b5 13. g4 e5 14. f5 d5 15.
Kh2 Qc6 16. g5 Ne8 17. exd5 Qc7 18. Nde4 b4 19. Ne2 Rxd5 20. Nxd4 exd4+ 21. Kh1
Nd6 22. f6 Bd8 23. Bc1 Nxe4 24. dxe4 Rd7 25. Qf3 g6 26. Bf4 Qc6 27. a3 Bb6 28.
axb4 cxb4 29. Qd3 Re8 30. Rae1 Bc7 31. Bxc7 Qxc7 32. Re2 Qe5 33. h4 Rc7 34. Qd2
Rc3 35. Qf4 Rh3+ 36. Kg2 Qxf4 37. Rxf4 Rc3 38. Rf3 Rec8 39. Rxc3 Rxc3 40. Rd2
a5 41. Rxd4 Rxc2+ 42. Kf3 Rc3+ 43. Kf4 h6 44. Rd5 a4 45. bxa4 b3 46. Rb5 Rh3
47. Kg4 Re3 48. Kf4 Rh3 49. gxh6 Rxh4+ 50. Ke3 Rxh6 51. Kd4 g5 52. Rxg5+ Kf8
53. Rb5 Rxf6 54. Rxb3 Ra6 55. Rb4 Ke7 56. Kc5 Re6 57. a5 Re5+ 58. Kb6 Re6+ 59.
Kb7 Rd6 60. Rc4 Rd7+ 61. Rc7 Rxc7+ 62. Kxc7 1-0

[Event "CAN-ch w"]
[Site "Toronto CAN"]
[Date "2023.04.07"]
[Round "2.1"]
[White "Demchenko, Svitlana"]
[Black "Xie, Irene"]
[Result "1-0"]
[WhiteElo "2320"]
[BlackElo "1676"]
[PlyCount "55"]
[EventDate "2023.04.06"]
[EventType "swiss"]
[EventRounds "9"]
[EventCountry "CAN"]

1. e4 e6 2. d4 d5 3. Bd3 dxe4 4. Bxe4 Nf6 5. Bf3 c5 6. Ne2 Be7 7. O-O O-O 8.
Nbc3 Nbd7 9. Ng3 Nb6 10. dxc5 Bxc5 11. Qe2 Nfd5 12. Nce4 Be7 13. c4 Nf6 14. Bf4
Qd4 15. Rac1 Nxe4 16. Nxe4 Nd7 17. Bc7 a6 18. Rfd1 Qa7 19. Nd6 Bxd6 20. Bxd6
Re8 21. c5 Nf8 22. c6 b6 23. Qe4 f5 24. Qd4 Ng6 25. Be5 b5 26. c7 Nxe5 27. Qxe5
Bb7 28. Rd7 1-0

[Event "CAN-ch w"]
[Site "Toronto CAN"]
[Date "2023.04.07"]
[Round "2.2"]
[White "Qian, Ashley"]
[Black "D'Souza, Carina"]
[Result "0-1"]
[WhiteElo "1784"]
[BlackElo "1901"]
[PlyCount "66"]
[EventDate "2023.04.06"]
[EventType "swiss"]
[EventRounds "9"]
[EventCountry "CAN"]

1. e4 c5 2. Nf3 Nc6 3. d4 cxd4 4. Nxd4 Nf6 5. Nc3 e5 6. Ndb5 d6 7. Bg5 a6 8.
Na3 b5 9. Nd5 Be7 10. Nxe7 Nxe7 11. f3 Be6 12. Be2 Qb6 13. Bh4 Rc8 14. c3 d5
15. Bg3 Ng6 16. exd5 Nxd5 17. Nc2 Ngf4 18. Bxf4 Nxf4 19. Bf1 Rd8 20. Qc1 Nd5
21. Qd2 Nb4 22. Qe2 Nd3+ 23. Kd2 Nf4+ 24. Ke1 Nxe2 25. Bxe2 Bf5 26. Rc1 O-O 27.
b3 Bxc2 28. Rxc2 Qg6 29. Bd1 Rd7 30. Rf2 Qb1 31. Ke2 Rfd8 32. Rff1 Rd2+ 33. Ke3
Qd3# 0-1

[Event "CAN-ch w"]
[Site "Toronto CAN"]
[Date "2023.04.07"]
[Round "2.3"]
[White "Jiang, Hancy"]
[Black "Gavrileva, Anna"]
[Result "1-0"]
[WhiteElo "1803"]
[BlackElo "1381"]
[PlyCount "81"]
[EventDate "2023.04.06"]
[EventType "swiss"]
[EventRounds "9"]
[EventCountry "CAN"]

1. Nf3 d5 2. d4 Nf6 3. c4 e6 4. g3 Bb4+ 5. Nc3 Nbd7 6. a3 Be7 7. Bg2 O-O 8.
cxd5 exd5 9. O-O Re8 10. Bf4 c6 11. Qc2 Nf8 12. b4 Bg4 13. Ne5 Bh5 14. b5 c5
15. dxc5 Bxc5 16. Nf3 Rc8 17. Qb2 Ne6 18. Rad1 Nxf4 19. gxf4 Qd6 20. e3 Red8
21. a4 Qe6 22. Ne2 Ne4 23. Nfd4 Qf6 24. Qa2 Rd7 25. f3 Bxd4 26. Rxd4 Nc3 27.
Nxc3 Rxc3 28. Qd2 Rc5 29. e4 Qd8 30. f5 Rd6 31. e5 Rd7 32. Rd1 h6 33. Kh1 b6
34. Qd3 Kh8 35. Bh3 f6 36. e6 Rd6 37. Rh4 Be8 38. Qe3 Qe7 39. Rg1 g5 40. Rxh6+
Kg7 41. Rh4 1-0

[Event "CAN-ch w"]
[Site "Toronto CAN"]
[Date "2023.04.07"]
[Round "2.4"]
[White "Shtepa, Luba"]
[Black "Deepak, Laksshana"]
[Result "0-1"]
[WhiteElo "903"]
[BlackElo "1792"]
[PlyCount "88"]
[EventDate "2023.04.06"]
[EventType "swiss"]
[EventRounds "9"]
[EventCountry "CAN"]

1. e4 c5 2. Nc3 d6 3. d3 g6 4. g3 Bg7 5. Bg2 Nf6 6. f4 h5 7. Nf3 Nc6 8. O-O Bg4
9. h3 Bd7 10. Be3 Qc8 11. Kh2 Bg4 12. Qd2 Bxf3 13. Bxf3 Ng4+ 14. Kg2 Nxe3+ 15.
Qxe3 Nd4 16. Qd2 e6 17. Rae1 Rb8 18. e5 d5 19. Ne2 Nf5 20. c4 d4 21. b4 Ne3+
22. Kg1 Nxf1 23. Kxf1 O-O 24. Nc1 f6 25. exf6 Rxf6 26. Nb3 e5 27. Kg2 exf4 28.
gxf4 b6 29. Bd5+ Kh8 30. a3 Qf8 31. Rf1 Bh6 32. Kg3 h4+ 33. Kg4 cxb4 34. axb4
g5 35. f5 Qd6 36. Qe1 b5 37. Nc5 Qc7 38. cxb5 Rxb5 39. Qe8+ Bf8 40. Qh5+ Rh6
41. Qxh6+ Bxh6 42. f6 Qg3+ 43. Kh5 Bf8 44. Ne6 Rxd5 0-1

[Event "CAN-ch w"]
[Site "Toronto CAN"]
[Date "2023.04.07"]
[Round "2.5"]
[White "Yang, Jing Yao"]
[Black "Zhao, Erin"]
[Result "1/2-1/2"]
[WhiteElo "1606"]
[BlackElo "1592"]
[PlyCount "68"]
[EventDate "2023.04.06"]
[EventType "swiss"]
[EventRounds "9"]
[EventCountry "CAN"]

1. d4 d5 2. c4 c6 3. Nf3 Nf6 4. Nc3 dxc4 5. a4 Bf5 6. e3 e6 7. Bxc4 Nbd7 8. Bd2
Bb4 9. O-O O-O 10. Ne2 Bxd2 11. Nxd2 e5 12. Ng3 Bg6 13. Nf3 exd4 14. Nxd4 Ne5
15. Qb3 Nxc4 16. Qxc4 Qd5 17. Qxd5 Nxd5 18. Ndf5 Bxf5 19. Nxf5 Rad8 20. Rfc1
Rd7 21. a5 Nc7 22. Nd4 Rfd8 23. h3 h6 24. a6 Nxa6 25. Nxc6 bxc6 26. Rxa6 Rd1+
27. Rxd1 Rxd1+ 28. Kh2 Rd2 29. Rxc6 Rxf2 30. Ra6 Rxb2 31. Rxa7 Rb3 32. Ra8+ Kh7
33. Re8 Kg6 34. Kg3 Kf5 1/2-1/2

[Event "CAN-ch w"]
[Site "Toronto CAN"]
[Date "2023.04.07"]
[Round "2.6"]
[White "Guan, Isabelle"]
[Black "Chen, Rachel Ruoxuan"]
[Result "0-1"]
[WhiteElo "1221"]
[BlackElo "1975"]
[PlyCount "146"]
[EventDate "2023.04.06"]
[EventType "swiss"]
[EventRounds "9"]
[EventCountry "CAN"]

1. e4 e5 2. Nf3 Nc6 3. Bc4 Bc5 4. d3 Nf6 5. Nc3 a6 6. Be3 Bxe3 7. fxe3 d6 8. d4
b5 9. Bd5 Nxd5 10. Nxd5 O-O 11. Qd2 exd4 12. exd4 Re8 13. O-O Rxe4 14. Rae1 Bf5
15. c3 h6 16. Qf2 Rxe1 17. Rxe1 Be6 18. Nf4 Bxa2 19. Qg3 Qf6 20. d5 Ne5 21.
Nxe5 dxe5 22. Nh5 Qg6 23. Qxe5 Rd8 24. Nf4 Qd6 25. Qd4 a5 26. Re3 Qb6 27. Qe5
Bxd5 28. Nh5 Qg6 29. Nf4 Qd6 30. Qd4 Bc6 31. Qxd6 Rxd6 32. b3 Kf8 33. Ne2 Rd2
34. Nd4 Bd7 35. Nf3 Rd6 36. Nd4 a4 37. bxa4 bxa4 38. Re1 c5 39. Nc2 Rd3 40. c4
Rc3 41. Ne3 Be6 42. Nd1 Rxc4 43. Nb2 Rd4 44. Re5 a3 45. Re2 axb2 46. Rxb2 c4
47. Rb8+ Ke7 48. Rb7+ Rd7 49. Rb1 c3 50. Kf2 c2 51. Rc1 Bf5 52. Ke2 Kd8 53. h3
Kc7 54. g4 Bg6 55. h4 Kb6 56. h5 Bh7 57. Ke1 Kb5 58. Ke2 Kb4 59. Ke1 Kb3 60.
Ke2 Kb2 61. Rxc2+ Kxc2 62. Ke3 Re7+ 63. Kf4 Re4+ 64. Kf3 Kd3 65. g5 hxg5 66.
Kf2 Re3 67. h6 gxh6 68. Kf1 Re2 69. Kg1 Ke3 70. Kf1 Ra2 71. Kg1 Kf3 72. Kh1 Kg3
73. Kg1 Ra1# 0-1

[Event "CAN-ch w"]
[Site "Toronto CAN"]
[Date "2023.04.07"]
[Round "2.7"]
[White "Zhong, April"]
[Black "Ruchinskaya, Valerie"]
[Result "1-0"]
[WhiteElo "1894"]
[BlackElo "1875"]
[PlyCount "73"]
[EventDate "2023.04.06"]
[EventType "swiss"]
[EventRounds "9"]
[EventCountry "CAN"]

1. e4 e6 2. d4 d5 3. Nd2 Nf6 4. e5 Nfd7 5. Bd3 c5 6. c3 Nc6 7. Ne2 cxd4 8. cxd4
f6 9. exf6 Nxf6 10. O-O Bd6 11. Nf3 Qc7 12. Bg5 O-O 13. Bh4 Nh5 14. Qc2 h6 15.
Bh7+ Kh8 16. Bg6 Rxf3 17. Bxh5 Rf8 18. Bg3 Bd7 19. Rac1 Rac8 20. Rfe1 Bxg3 21.
hxg3 Qb6 22. Qd2 e5 23. Nc3 exd4 24. Ne2 Be8 25. Bg4 Rd8 26. Nf4 Rd6 27. Ne6
Rg8 28. Qf4 Nd8 29. Nxd8 Rxd8 30. Re6 Bg6 31. Rxb6 axb6 32. Qxd4 Rge8 33. Rc7
Re1+ 34. Kh2 Rg8 35. Qxd5 Rb1 36. Be6 Rf8 37. Qd7 1-0

[Event "CAN-ch w"]
[Site "Toronto CAN"]
[Date "2023.04.07"]
[Round "2.8"]
[White "Li, Yeeshuen"]
[Black "Fiset, Anais Chloe"]
[Result "1-0"]
[WhiteElo "1078"]
[BlackElo "1634"]
[PlyCount "57"]
[EventDate "2023.04.06"]
[EventType "swiss"]
[EventRounds "9"]
[EventCountry "CAN"]

1. e4 c6 2. d4 d5 3. exd5 cxd5 4. Bd3 Nc6 5. c3 Nf6 6. Bf4 Bg4 7. Nf3 Qd7 8. h3
Bxf3 9. Qxf3 e6 10. Nd2 h6 11. Nb3 Bd6 12. Be3 Rb8 13. Nc5 Bxc5 14. dxc5 Ne5
15. Qg3 Nxd3+ 16. Ke2 Ke7 17. Kxd3 Qb5+ 18. Kc2 Rbd8 19. Rhe1 Ne4 20. Qxg7 Rdg8
21. Qe5 Nxc5 22. Rad1 Nd7 23. Qd4 Rc8 24. Bf4 Nb6 25. Rxe6+ fxe6 26. Qg7+ Ke8
27. Qxh8+ Ke7 28. Qg7+ Ke8 29. Bd6 1-0

[Event "CAN-ch w"]
[Site "Toronto CAN"]
[Date "2023.04.07"]
[Round "2.9"]
[White "Ambilwade, Ojal"]
[Black "Lillico, Margarita"]
[Result "1-0"]
[WhiteElo "1535"]
[BlackElo "1026"]
[PlyCount "59"]
[EventDate "2023.04.06"]
[EventType "swiss"]
[EventRounds "9"]
[EventCountry "CAN"]

1. c4 e5 2. Nc3 Nf6 3. Nf3 d6 4. e3 h6 5. d4 e4 6. Nd2 d5 7. cxd5 Nxd5 8. Ndxe4
Nxc3 9. Nxc3 Be7 10. Bc4 O-O 11. O-O a6 12. Be2 Nd7 13. b3 Rb8 14. Bb2 b6 15.
Rc1 Bb7 16. e4 c6 17. f4 b5 18. e5 Qb6 19. Kh1 b4 20. Ne4 Qa5 21. Ra1 c5 22. d5
Nb6 23. Bc4 Nxc4 24. bxc4 Bd8 25. Nd6 Qb6 26. Qg4 Be7 27. e6 g6 28. Nxf7 Rxf7
29. Qxg6+ Rg7 30. Qxg7# 1-0

[Event "CAN-ch w"]
[Site "Toronto CAN"]
[Date "2023.04.07"]
[Round "2.10"]
[White "Sreekumar, Gayathri"]
[Black "Guan, Marie"]
[Result "0-1"]
[WhiteElo "974"]
[BlackElo "1083"]
[PlyCount "90"]
[EventDate "2023.04.06"]
[EventType "swiss"]
[EventRounds "9"]
[EventCountry "CAN"]

1. d4 d5 2. c4 dxc4 3. Nf3 Nc6 4. e3 e5 5. dxe5 Qxd1+ 6. Kxd1 Be6 7. Nc3 O-O-O+
8. Bd2 Bg4 9. Bxc4 Nxe5 10. Be2 Bxf3 11. gxf3 Nf6 12. f4 Neg4 13. Ke1 Nxf2 14.
Kxf2 Rxd2 15. Rab1 Bb4 16. Rhc1 Bxc3 17. bxc3 Rxa2 18. Ke1 Re8 19. Kf2 Ng4+ 20.
Kf3 Nxh2+ 21. Kf2 Ng4+ 22. Kf3 f5 23. e4 Rxe4 24. Re1 Re3+ 25. Kg2 Raxe2+ 26.
Rxe2 Rxe2+ 27. Kf1 Rf2+ 28. Ke1 Rxf4 29. Rd1 b6 30. Ke2 h5 31. Rh1 Rf2+ 32. Kd3
Rh2 33. Rxh2 Nxh2 34. Ke3 a5 35. Kf4 a4 36. Kxf5 a3 37. Ke4 a2 38. Kd3 a1=Q 39.
Kc2 Nf3 40. c4 Kb7 41. c5 Qa4+ 42. Kb2 Kc6 43. Kb1 Nd4 44. Kb2 Qc2+ 45. Ka1
Nb3# 0-1

[Event "CAN-ch w"]
[Site "Toronto CAN"]
[Date "2023.04.07"]
[Round "3.1"]
[White "Deepak, Laksshana"]
[Black "Demchenko, Svitlana"]
[Result "0-1"]
[WhiteElo "1792"]
[BlackElo "2320"]
[PlyCount "116"]
[EventDate "2023.04.06"]
[EventType "swiss"]
[EventRounds "9"]
[EventCountry "CAN"]

1. e4 Nf6 2. Nc3 d5 3. exd5 Nxd5 4. Nxd5 Qxd5 5. d4 Nc6 6. Be3 Bf5 7. Qd2 e6 8.
a3 O-O-O 9. Nf3 Be7 10. Be2 Bf6 11. Rd1 Kb8 12. c4 Qa5 13. O-O Qxd2 14. Rxd2
Na5 15. Rdd1 Nb3 16. Bd3 Bg4 17. Be2 Bxf3 18. Bxf3 Nxd4 19. Bxd4 Bxd4 20. Rd2
Rd6 21. g3 Rhd8 22. Kg2 f6 23. b3 e5 24. Be4 g6 25. Bc2 Kc8 26. Rfd1 Kd7 27. h4
Ke6 28. Kf3 f5 29. Ke2 e4 30. b4 c6 31. Bb3 Ke5 32. c5 R6d7 33. Ba2 b6 34. f4+
Kf6 35. Bb3 Ke7 36. cxb6 axb6 37. Ba4 Rd6 38. Bb3 Kf6 39. a4 c5 40. a5 bxa5 41.
bxa5 Ra8 42. Ra2 Rda6 43. Rb1 Rxa5 44. Rxa5 Rxa5 45. Bc4 Ra7 46. Rb6+ Kg7 47.
Bd5 Kh6 48. Bc4 Ra3 49. Rb3 Ra4 50. Bb5 Ra1 51. Bc4 Ra2+ 52. Kf1 Rf2+ 53. Ke1
Rc2 54. Bg8 e3 55. Rb7 Kh5 56. Re7 Kg4 57. Bb3 Rh2 58. Rxh7 Bc3+ 0-1

[Event "CAN-ch w"]
[Site "Toronto CAN"]
[Date "2023.04.07"]
[Round "3.2"]
[White "D'Souza, Carina"]
[Black "Jiang, Hancy"]
[Result "1-0"]
[WhiteElo "1901"]
[BlackElo "1803"]
[PlyCount "161"]
[EventDate "2023.04.06"]
[EventType "swiss"]
[EventRounds "9"]
[EventCountry "CAN"]

1. e4 c6 2. d4 d5 3. exd5 cxd5 4. Bd3 Nf6 5. h3 Nc6 6. c3 g6 7. Nf3 Bf5 8. O-O
Bxd3 9. Qxd3 Bg7 10. Re1 O-O 11. Bf4 Qb6 12. Nbd2 Rfd8 13. Ne5 e6 14. g4 a6 15.
Qg3 Rac8 16. Re2 Nxe5 17. dxe5 Nd7 18. Nf3 f6 19. Rae1 fxe5 20. Nxe5 Nxe5 21.
Bxe5 Bxe5 22. Qxe5 Re8 23. Kg2 Qd8 24. f4 Kf7 25. Kg3 Qf6 26. h4 Re7 27. f5
gxf5 28. gxf5 Qxe5+ 29. Rxe5 Rce8 30. fxe6+ Rxe6 31. Rf1+ Kg7 32. Rxd5 R8e7 33.
Rg5+ Kh6 34. Rf2 Re3+ 35. Rf3 R3e6 36. c4 b6 37. b4 Rc7 38. c5 bxc5 39. bxc5
Rd7 40. Rb3 Rc7 41. Rd3 Rcc6 42. a4 Rg6 43. Rdd5 Rgf6 44. Rde5 Rf1 45. Rh5+ Kg7
46. Reg5+ Kh8 47. Kg2 Ra1 48. Rg4 Rc1 49. Rd5 Rc8 50. Rgg5 Rc4 51. Rh5 Rxa4 52.
Rd7 Rg4+ 53. Kf3 Rg7 54. Rxg7 Kxg7 55. Ke4 a5 56. Kd5 a4 57. Kd6 a3 58. c6 Ra8
59. Rg5+ Kh6 60. Rg1 Kh5 61. c7 a2 62. Ra1 Kxh4 63. Rxa2 Rxa2 64. c8=Q Rd2+ 65.
Ke5 Rg2 66. Qd8+ Kh5 67. Qe8+ Rg6 68. Kf5 Kh6 69. Qf8+ Kh5 70. Qf7 Kh6 71. Kf4
Rg2 72. Qf6+ Rg6 73. Qh4+ Kg7 74. Ke5 Kh8 75. Qe7 Kg8 76. Kf5 Rh6 77. Kg5 Rg6+
78. Kh5 Kh8 79. Qf8+ Rg8 80. Qf6+ Rg7 81. Kh6 1-0

[Event "CAN-ch w"]
[Site "Toronto CAN"]
[Date "2023.04.07"]
[Round "3.3"]
[White "Chen, Rachel Ruoxuan"]
[Black "Zhao, Erin"]
[Result "1-0"]
[WhiteElo "1975"]
[BlackElo "1559"]
[PlyCount "135"]
[EventDate "2023.04.06"]
[EventType "swiss"]
[EventRounds "9"]
[EventCountry "CAN"]

1. e4 c5 2. Nf3 Nc6 3. Bb5 e6 4. Bxc6 bxc6 5. d3 d5 6. Qe2 Nf6 7. e5 Nd7 8.
Nbd2 Be7 9. b3 O-O 10. Bb2 Ba6 11. O-O Qc7 12. Rfe1 Rad8 13. Qe3 h6 14. c4 Rfe8
15. Rac1 Qb6 16. h3 Rc8 17. Nh2 f6 18. exf6 Bxf6 19. Bxf6 Nxf6 20. f4 Nd7 21.
Ng4 Qc7 22. Nf3 Qd6 23. Nfe5 dxc4 24. Nxd7 Qxd7 25. dxc4 Qd4 26. Rcd1 Qxe3+ 27.
Rxe3 h5 28. Ne5 Rc7 29. Rd6 Bb7 30. Nd3 Kf7 31. Nxc5 Bc8 32. Kf2 Kf6 33. Re5 g6
34. Ke3 Ree7 35. g3 Kf7 36. Kd4 Bd7 37. Ne4 Rb7 38. Ra5 Kg7 39. Ng5 Kf6 40. Nf3
Be8 41. Ne5 Rec7 42. Rc5 Ke7 43. Rdxc6 Bxc6 44. Rxc6 Rxc6 45. Nxc6+ Kd6 46. Ne5
Rb8 47. c5+ Kc7 48. Nc4 Kc6 49. Ne5+ Kc7 50. Kc4 a6 51. b4 Rf8 52. h4 Rd8 53.
Nd3 Kc6 54. a4 Kc7 55. b5 axb5+ 56. axb5 Ra8 57. b6+ Kb7 58. Kb5 Ra1 59. c6+
Kc8 60. c7 Rb1+ 61. Kc6 e5 62. Nc5 Rxb6+ 63. Kxb6 exf4 64. gxf4 g5 65. hxg5 h4
66. g6 h3 67. g7 h2 68. g8=R# 1-0

[Event "CAN-ch w"]
[Site "Toronto CAN"]
[Date "2023.04.07"]
[Round "3.4"]
[White "Ambilwade, Ojal"]
[Black "Zhong, April"]
[Result "1-0"]
[WhiteElo "1535"]
[BlackElo "1894"]
[PlyCount "107"]
[EventDate "2023.04.06"]
[EventType "swiss"]
[EventRounds "9"]
[EventCountry "CAN"]

1. c4 e6 2. Nc3 Nf6 3. d4 d5 4. e3 dxc4 5. Bxc4 a6 6. Nf3 b5 7. Bd3 Bb7 8. a3
c5 9. dxc5 Bxc5 10. O-O Nbd7 11. e4 Qc7 12. h3 O-O 13. Bd2 Rfd8 14. Qe2 Rac8
15. Rac1 Qb8 16. Rfe1 Bd6 17. Bb1 Ne5 18. Bg5 Nxf3+ 19. Qxf3 Be5 20. Bxf6 Bxf6
21. Qg4 Rc5 22. Nd5 Rxc1 23. Nxf6+ Kh8 24. Rxc1 gxf6 25. Qh5 Rd7 26. Qh6 Qd8
27. Bc2 Qe7 28. e5 f5 29. g4 Rd8 30. Qf6+ Qxf6 31. exf6 fxg4 32. hxg4 Bf3 33.
Kh2 Bxg4 34. Kg3 Bh5 35. Be4 Bg6 36. Bxg6 fxg6 37. Rc6 Rf8 38. Rxe6 a5 39. Kf4
Kg8 40. Ke5 Rc8 41. Kd6 Kf7 42. Re5 Rc2 43. Rxb5 Rxf2 44. Rxa5 Rxf6+ 45. Kc7 h5
46. Rc5 Rf3 47. Rc2 Rb3 48. a4 h4 49. a5 h3 50. a6 Rg3 51. a7 Rg2 52. Rc1 h2
53. a8=Q Rg1 54. Qf3+ 1-0

[Event "CAN-ch w"]
[Site "Toronto CAN"]
[Date "2023.04.07"]
[Round "3.5"]
[White "Gavrileva, Anna"]
[Black "Qian, Ashley"]
[Result "1-0"]
[WhiteElo "1381"]
[BlackElo "1784"]
[PlyCount "117"]
[EventDate "2023.04.06"]
[EventType "swiss"]
[EventRounds "9"]
[EventCountry "CAN"]

1. d4 d5 2. Bf4 Nf6 3. e3 c5 4. Nf3 Nc6 5. Nbd2 Bf5 6. dxc5 e6 7. Bb5 Bxc5 8.
c3 O-O 9. Nb3 Bd6 10. Bg3 Bg4 11. Be2 Qd7 12. Bxd6 Qxd6 13. Rc1 Rfd8 14. h3 Bh5
15. g4 Bg6 16. g5 Nd7 17. h4 Be4 18. Nbd2 Bf5 19. h5 Nde5 20. Nf1 Nxf3+ 21.
Bxf3 Ne5 22. Be2 Qb6 23. f4 Nc4 24. Bxc4 dxc4 25. Qe2 Bd3 26. Qf2 Bxf1 27. Kxf1
Rd3 28. Re1 Rad8 29. e4 Qa6 30. Re2 Qxa2 31. f5 Rd1+ 32. Kg2 Rxh1 33. Kxh1 Qb1+
34. Kg2 Qc1 35. Qg3 Qd1 36. Kf2 Qd6 37. Qxd6 Rxd6 38. Ke3 exf5 39. exf5 Kf8 40.
Rd2 Rxd2 41. Kxd2 Ke7 42. Ke3 Kd6 43. Kd4 b5 44. g6 h6 45. f6 fxg6 46. fxg7
gxh5 47. g8=Q h4 48. Qd8+ Kc6 49. Qxh4 Kd7 50. Qxh6 b4 51. Kxc4 bxc3 52. bxc3
a5 53. Qa6 a4 54. Qxa4+ Kc7 55. Kc5 Kb7 56. Qc6+ Kb8 57. Qd7 Ka8 58. Kb6 Kb8
59. Qb7# 1-0

[Event "CAN-ch w"]
[Site "Toronto CAN"]
[Date "2023.04.07"]
[Round "3.6"]
[White "Xie, Irene"]
[Black "Shtepa, Luba"]
[Result "1-0"]
[WhiteElo "1676"]
[BlackElo "903"]
[PlyCount "135"]
[EventDate "2023.04.06"]
[EventType "swiss"]
[EventRounds "9"]
[EventCountry "CAN"]

1. e4 e5 2. Nf3 Nc6 3. Bc4 Nf6 4. d3 Bc5 5. Nc3 d6 6. h3 h6 7. Be3 Bxe3 8. fxe3
O-O 9. O-O Be6 10. Nd5 Na5 11. Nxf6+ Qxf6 12. Bb3 Nc6 13. Qe2 Qe7 14. g4 g5 15.
c4 h5 16. Nd2 hxg4 17. hxg4 Qd7 18. Bd1 f6 19. Qf3 Kg7 20. Be2 Rf7 21. Kg2 Rh8
22. Rh1 Rh4 23. Rxh4 gxh4 24. Rh1 Ne7 25. Rxh4 Ng6 26. Rh1 Nf8 27. Qh3 Re7 28.
Qh8+ Kf7 29. Rh6 Ke8 30. Rxf6 Rf7 31. Rxf7 Qxf7 32. Qh5 Ng6 33. Nf3 Qg7 34. Nh4
Bf7 35. Nxg6 Bxg6 36. Qh4 Bf7 37. Qf2 Be6 38. Kg3 Qg5 39. Bf3 c6 40. Qe2 a6 41.
d4 exd4 42. exd4 Kd7 43. d5 cxd5 44. cxd5 Bf7 45. Qc2 Qe5+ 46. Kg2 Qg5 47. Kf2
Qh4+ 48. Ke2 Qh2+ 49. Kd3 Qg3 50. Qe2 Ke7 51. Qe3 Qe5 52. Qd2 Qg3 53. Qe2 Qe5
54. Kc2 b5 55. Kb3 Qd4 56. Kc2 Qc5+ 57. Kb1 Qg1+ 58. Qd1 Qe3 59. a3 Be8 60. Qe2
Qf4 61. Bg2 Bd7 62. Bf3 Qg3 63. Qg2 Qe1+ 64. Ka2 a5 65. g5 Qh4 66. g6 Qh8 67.
g7 Qg8 68. Qg5+ 1-0

[Event "CAN-ch w"]
[Site "Toronto CAN"]
[Date "2023.04.07"]
[Round "3.7"]
[White "Guan, Marie"]
[Black "Yang, Jing Yao"]
[Result "0-1"]
[WhiteElo "1083"]
[BlackElo "1606"]
[PlyCount "88"]
[EventDate "2023.04.06"]
[EventType "swiss"]
[EventRounds "9"]
[EventCountry "CAN"]

1. e4 e5 2. Nf3 Nc6 3. d4 exd4 4. Nxd4 Nf6 5. Nxc6 bxc6 6. e5 Qe7 7. Qe2 Nd5 8.
c4 Ba6 9. g3 g6 10. Bg2 Bg7 11. f4 Qc5 12. b3 O-O 13. Bxd5 cxd5 14. Ba3 Qd4 15.
Bb2 Qb6 16. c5 Qc6 17. Qd2 d4 18. Rg1 d6 19. Bxd4 dxe5 20. fxe5 Qe4+ 21. Kd1
Bxe5 22. Bxe5 Qxe5 23. Qc3 Rad8+ 24. Kc2 Qf5+ 25. Kc1 Rd3 26. Qa5 Rfd8 27. Qxa6
Qxc5+ 28. Qc4 Qxg1+ 29. Kb2 Qxh2+ 30. Ka3 Qxg3 31. Qc5 Qd6 32. Qxd6 R8xd6 33.
Kb4 Rd1 34. a4 h5 35. Ka3 h4 36. Kb2 h3 37. Ra2 R6d2+ 38. Ka3 Rxa2+ 39. Kxa2
Rxb1 40. Ka3 h2 41. Kb4 h1=Q 42. Ka5 Rxb3 43. Ka6 Qb7+ 44. Ka5 Qb6# 0-1

[Event "CAN-ch w"]
[Site "Toronto CAN"]
[Date "2023.04.07"]
[Round "3.8"]
[White "Ruchinskaya, Valerie"]
[Black "Li, Yeeshuen"]
[Result "1-0"]
[WhiteElo "1875"]
[BlackElo "1078"]
[PlyCount "95"]
[EventDate "2023.04.06"]
[EventType "swiss"]
[EventRounds "9"]
[EventCountry "CAN"]

1. d4 d5 2. c4 c6 3. cxd5 cxd5 4. Bf4 Nc6 5. Nc3 Bf5 6. e3 Nf6 7. Qb3 Qd7 8.
Nf3 Nh5 9. Nxd5 Be6 10. Nc7+ Qxc7 11. Bxc7 Bxb3 12. axb3 Rc8 13. Bg3 Nxg3 14.
hxg3 e6 15. Bc4 Bb4+ 16. Ke2 Na5 17. Rhc1 Ke7 18. Ne5 Rc7 19. Ra4 b5 20. Rxb4
bxc4 21. bxc4 f6 22. Nd3 Rhc8 23. c5 Nc6 24. Rb5 Rb8 25. Rxb8 Nxb8 26. b4 a6
27. Ra1 Kd7 28. Kd2 Kc6 29. Kc3 Rb7 30. Nb2 Ra7 31. Nc4 Rc7 32. e4 Rd7 33. Nb6
Rd8 34. d5+ exd5 35. exd5+ Kc7 36. Re1 Rg8 37. Re7+ Kd8 38. Rb7 Re8 39. Rxb8+
Ke7 40. Rxe8+ Kxe8 41. c6 Kd8 42. d6 a5 43. c7+ Ke8 44. c8=Q+ Kf7 45. d7 h6 46.
d8=Q axb4+ 47. Kxb4 h5 48. Qe8# 1-0

[Event "CAN-ch w"]
[Site "Toronto CAN"]
[Date "2023.04.07"]
[Round "3.9"]
[White "Fiset, Anais Chloe"]
[Black "Guan, Isabelle"]
[Result "1-0"]
[WhiteElo "1634"]
[BlackElo "1221"]
[PlyCount "69"]
[EventDate "2023.04.06"]
[EventType "swiss"]
[EventRounds "9"]
[EventCountry "CAN"]

1. e4 e5 2. Nf3 Nc6 3. Bc4 Bc5 4. c3 Qf6 5. d4 exd4 6. e5 Qe7 7. cxd4 Bb4+ 8.
Nc3 f6 9. O-O d6 10. Nd5 Qd8 11. exf6 gxf6 12. a3 Ba5 13. b4 Bb6 14. Re1+ Nce7
15. Bh6 c6 16. Nxe7 Nxe7 17. Bg7 Rg8 18. Bxg8 Bg4 19. Bxf6 a5 20. Bxe7 Qd7 21.
Bg5+ Kf8 22. Bb3 Qg7 23. Be7+ Qxe7 24. Rxe7 Kxe7 25. Qd2 Rf8 26. Qg5+ Kd7 27.
Qg7+ Ke8 28. Re1+ Kd8 29. Qxf8+ Kc7 30. Re7+ Bd7 31. Be6 c5 32. Bxd7 d5 33.
Bb5+ Kd6 34. Rd7+ Ke6 35. Qf7# 1-0

[Event "CAN-ch w"]
[Site "Toronto CAN"]
[Date "2023.04.07"]
[Round "3.10"]
[White "Lillico, Margarita"]
[Black "Sreekumar, Gayathri"]
[Result "1-0"]
[WhiteElo "1026"]
[BlackElo "974"]
[PlyCount "67"]
[EventDate "2023.04.06"]
[EventType "swiss"]
[EventRounds "9"]
[EventCountry "CAN"]

1. e4 c5 2. f4 d6 3. Nf3 Nc6 4. Bb5 a6 5. Bxc6+ bxc6 6. O-O e6 7. Kh1 Be7 8. d3
Rb8 9. c4 d5 10. exd5 cxd5 11. cxd5 exd5 12. Ne5 Bb7 13. Qa4+ Kf8 14. Nd7+ Ke8
15. Nb6+ Kf8 16. Nd7+ Ke8 17. Nxb8+ Kf8 18. Nd7+ Ke8 19. Nxc5+ Kf8 20. Nxb7 Qb6
21. Qd7 g6 22. Nc3 Nf6 23. Qh3 Qxb7 24. Na4 d4 25. b3 Nh5 26. Bb2 Bd6 27. Bxd4
Bxf4 28. Bxh8 Qc7 29. Rxf4 Nxf4 30. Qh6+ Ke8 31. Re1+ Kd7 32. Nb6+ Qxb6 33.
Qxf4 Kc6 34. Qc1+ 1-0